|
|
|
|
| LEADER |
00000nam a2200000Ia 4500 |
| 008 |
160107b1996 cr ||||| |||| 00| | spa d |
| 999 |
|
|
|c 314
|d 314
|
| 020 |
|
|
|a 9291360147
|
| 090 |
|
|
|a 06.02.03
|b 1811
|
| 100 |
1 |
|
|a Arrién, Juan Bautista
|9 1254
|
| 245 |
1 |
0 |
|a Calidad de la educación en el istmos centroamericano /
|c Juan Bautista Arrién, Juan Bosco Bernal, Jan Ooijens, César Picón, Antoon Thybergin
|
| 260 |
|
|
|a San José, Costa Rica :
|b Farben Grupo Editorial Norma,
|c 1996
|
| 300 |
|
|
|a 363 páginas
|
| 650 |
1 |
4 |
|a CALIDAD DE LA EDUCACIÓN
|9 11
|
| 650 |
1 |
4 |
|a EDUCACIÓN
|9 1
|
| 651 |
|
4 |
|a AMÉRICA CENTRAL
|9 457
|
| 700 |
1 |
|
|a Bernal, Juan Bosco
|9 1255
|
| 700 |
1 |
|
|a Ooijens, Jan
|9 1256
|
| 700 |
1 |
|
|a Picón, César
|9 1257
|
| 700 |
1 |
|
|a Thybergin, Antoon
|9 1258
|
| 942 |
|
|
|i 002826,001491
|h 06.02.03 1811
|2 z
|c 01
|